| 000 | 00423nam a22001697a 4500 | ||
|---|---|---|---|
| 005 | 20180323163705.0 | ||
| 008 | 160519b xxu||||| |||| 00| 0 eng d | ||
| 020 | _a0-07-460126-1 | ||
| 041 | _aeng | ||
| 082 |
_b3285 _a338.5024658 |
||
| 100 |
_aG.S. Gupta _9812 |
||
| 245 | _aManagerial Economics | ||
| 260 |
_aNew Delhi _bTata MC-Grow-Hill Pus.Co.Ltd, _c2003 |
||
| 300 | _a260 | ||
| 650 |
_aManagement _9241 |
||
| 942 | _cBK | ||
| 999 |
_c1117 _d1117 |
||